000 00814cam a2200277 4500500
005 20260329005431.0
041 _afre
042 _adc
100 1 0 _aLegros, Martin
_eauthor
245 0 0 _a“Tristes tropiques” : Lévi-Strauss au cœur de l’humanité
260 _c2023.
500 _a78
690 _aAmazonie
690 _aAmérindiens
690 _aAnthropologie
690 _aBrésil
690 _aClaude Lévi-Strauss
690 _aColonialisme
690 _aEthnologie
690 _aLévi-Strauss
690 _arelativisme
690 _aStructuralisme
690 _aUniversalisme
786 0 _nPhilosophie magazine | 172 | 9 | 2023-09-01 | p. 40-40 | 1951-1787
856 4 1 _uhttps://shs.cairn.info/magazine-philosophie-magazine-2023-9-page-40?lang=fr&redirect-ssocas=7080
999 _c1843369
_d1843369